000 00503cam a2200181ua 4500
001 5779
008 131025n ii |||frmmmmZ001|0|eng
020 _a81-902028-2-0
040 _cMAIN
082 _a305.8
245 _aSocial And Religious Institutions Of Bodos
_cby Premalata Devi
260 _aGuwahati:
_bGeophil Publishing House,
_c2007.
300 _axiv,126p.
653 _aSociology
653 _aSocial And Religious Institutions Of Bodos
700 _aDevi,Premalata,
_eAuthor.
942 _cBK
999 _c4937
_d4937